I love whales & dolphins / (Record no. 620)
[ view plain ]
| 000 -LEADER | |
|---|---|
| fixed length control field | 01221nam a22002777a 4500 |
| 005 - DATE AND TIME OF LATEST TRANSACTION | |
| control field | 20230627113225.0 |
| 020 ## - INTERNATIONAL STANDARD BOOK NUMBER | |
| International Standard Book Number | 9781842368251 (pbk.) : |
| 020 ## - INTERNATIONAL STANDARD BOOK NUMBER | |
| International Standard Book Number | 1842368257 (pbk.) : |
| 040 ## - CATALOGING SOURCE | |
| Original cataloging agency | FISKH |
| Language of cataloging | eng |
| Transcribing agency | FISKH |
| Modifying agency | FISKH |
| 050 ## - LIBRARY OF CONGRESS CALL NUMBER | |
| Classification number | QL737.C4 |
| 082 ## - DEWEY DECIMAL CLASSIFICATION NUMBER | |
| Classification number | 599.53 |
| 100 ## - MAIN ENTRY--PERSONAL NAME | |
| Personal name | Parker, Steve, |
| Dates associated with a name | 1952- |
| 245 ## - TITLE STATEMENT | |
| Title | I love whales & dolphins / |
| Statement of responsibility, etc. | by Steve Parker. |
| 250 ## - EDITION STATEMENT | |
| Edition statement | This edition printed in 2009. |
| 260 ## - PUBLICATION, DISTRIBUTION, ETC. | |
| Place of publication, distribution, etc. | Great Bardfield : |
| Name of publisher, distributor, etc. | Miles Kelly, |
| Date of publication, distribution, etc. | 2009. |
| 300 ## - PHYSICAL DESCRIPTION | |
| Extent | 24 pages : |
| Other physical details | color illustrations ; |
| Dimensions | 24 cm. |
| 505 ## - FORMATTED CONTENTS NOTE | |
| Formatted contents note | F <br/> |
| 520 ## - SUMMARY, ETC. | |
| Summary, etc. | From the haunting song of the humpback whale To The playful antics of the bottlenose dolphin, whales and dolphins are loved by almost everyone. This book introduces the many amazing species of large mammals that make their home beneath the waves. Full of fascinating fact boxes and stunningly detailed illustrations, this book also presents readers with interactive activities. |
| 521 ## - TARGET AUDIENCE NOTE | |
| Target audience note | 380 <br/> |
| Source | Lexile estimate <br/> |
| 521 ## - TARGET AUDIENCE NOTE | |
| Target audience note | F <br/> |
| Source | Raz-Plus <br/><br/> |
| 650 ## - SUBJECT ADDED ENTRY--TOPICAL TERM | |
| Topical term or geographic name entry element | Dolphins |
| Form subdivision | Pictorial works |
| General subdivision | Juvenile literature. |
| 650 ## - SUBJECT ADDED ENTRY--TOPICAL TERM | |
| Topical term or geographic name entry element | Whales |
| Form subdivision | Pictorial works |
| General subdivision | Juvenile literature. |
| 942 ## - ADDED ENTRY ELEMENTS (KOHA) | |
| Source of classification or shelving scheme | Dewey Decimal Classification |
| Koha item type | Books |
| Suppress in OPAC | No |
| 999 ## - | |
| -- | 620 |
| -- | 620 |
| Withdrawn status | Lost status | Source of classification or shelving scheme | Damaged status | Not for loan | Collection | Home library | Current library | Shelving location | Date acquired | Total Checkouts | Full call number | Barcode | Date last seen | Date last checked out | Copy number | Price effective from | Koha item type |
|---|---|---|---|---|---|---|---|---|---|---|---|---|---|---|---|---|---|
| Dewey Decimal Classification | Non-Fiction | Footprints International School Library Network Toul Kork Campus | Footprints International School Library Network Toul Kork Campus | TK Primary Library Room(4th Floor), Bookcase 1&2, Shelves 1-16, Dark Blue Books | 06/27/2023 | 10 | PAR QL737.C4 | FISBK05168 | 01/08/2026 | 12/18/2025 | 1 | 06/27/2023 | Books | ||||
| Dewey Decimal Classification | Non-Fiction | Footprints International School Library Network Toul Kork Campus | Footprints International School Library Network Toul Kork Campus | 06/27/2023 | 3 | PAR QL737.C4 | FISBK05153 | 04/10/2025 | 04/03/2025 | 2 | 06/27/2023 | Books |
